Taylor Swift - Les Surprise Songs du Eras Tour en Angleterre - Statistiques

Statistiques générales
  • Ce quiz a été pris 15 fois
    8 depuis la dernière actualisation
  • Le résultat moyen est 13 sur 22
Statistiques - réponses
Hint Instrument Réponse % Correct
Londres, Angleterre (22 juin) 🎹 Castles Crumbling avec Hayley Williams
83%
Londres, Angleterre (16 août) 🎸 London Boy
83%
Londres, Angleterre (20 août) 🎹 So Long, London
83%
Londres, Angleterre (23 juin) 🎸 us. avec Gracie Abrams
83%
Londres, Angleterre (20 août) 🎸 Death By a Thousand Cuts & Getaway Car
67%
Londres, Angleterre (23 juin) 🎹 Out of the Woods, Is It Over Now? & Clean
67%
Londres, Angleterre (21 juin) 🎹 The Black Dog, Come Back... Be Here & Maroon
67%
Londres, Angleterre (15 août) 🎸 Everything Has Changed, End Game & Thinking Out Loud avec Ed Sheeran
67%
Londres, Angleterre (17 août) 🎸 I Did Something Bad
67%
Londres, Angleterre (19 août) 🎸 Long Live & Change
67%
Liverpool, Angleterre (15 juin) 🎸 Carolina & No Body, No Crime
50%
Liverpool, Angleterre (13 juin) 🎹 Cornelia Street & Maroon
50%
Londres, Angleterre (16 août) 🎹 Dear John & Sad Beautiful Tragic
50%
Londres, Angleterre (21 juin) 🎸 Hits Different & Death By a Thousand Cuts
50%
Liverpool, Angleterre (13 juin) 🎸 I Can See You & Mine
50%
Londres, Angleterre (15 août) 🎹 King of My Heart & The Alchemy
50%
Londres, Angleterre (22 juin) 🎸 thanK you aIMee & Mean
50%
Londres, Angleterre (19 août) 🎹 The Archer & You’re On Your Own, Kid
50%
Liverpool, Angleterre (14 juin) 🎹 The Great War & You're Losing Me
50%
Liverpool, Angleterre (15 juin) 🎹 The Manuscript & Red
50%
Liverpool, Angleterre (14 juin) 🎸 This Is What You Came For & Gold Rush
50%
Londres, Angleterre (17 août) 🎹 My Boy Only Break His Favorite Toys & Coney Island
33%
Aucun quiz correspondant
Distribution des résultats
% des personnes avec chaque résultat
Percentile par nombre de réponses
Votre historique - résultats
Vous n’avez pas pris ce quiz depuis la dernière actualisation